| 000 | 00583nam a22001937a 4500 | ||
|---|---|---|---|
| 005 | 20250403151451.0 | ||
| 010 | _aENG-144478 | ||
| 020 |
_a9789392894084 _c1500.00 |
||
| 035 | _aEN-128010 | ||
| 037 | _bDBAD | ||
| 082 | _a210.14 | ||
| 100 |
_aAmrita Singh _980232 |
||
| 245 |
_aReligion, Culture and Society/ _cAmrita Singh |
||
| 250 | _a1 | ||
| 260 |
_aNew Delhi _bMomentum Publishers Distributors _c2022 |
||
| 270 |
_a22/4735 Prakash Deep Building Ansari Road, Darya Ganj _bNew Delhi _e110002 |
||
| 300 |
_a289p. _c23cm(hbk) |
||
| 942 |
_2ddc _cEN _mAMR _h210.14 |
||
| 999 |
_c210748 _d210748 |
||